| 000 | 00818nam a2200253 a 4500 | ||
|---|---|---|---|
| 001 | BRL_320 | ||
| 005 | 20190320210702.0 | ||
| 008 | 290713s1977----u--o######---#000-0#eng-# | ||
| 020 | _a0918080150 | ||
| 041 | _aeng | ||
| 044 | _au | ||
| 050 | 4 |
_aE98.C8 _b.B73 1977 |
|
| 100 | 1 |
_aBranson, Oscar T. _923538 |
|
| 245 | 1 | 0 |
_aIndian Jewelry Making _cby Oscar T. Branson ; photography by Naurice Koonce. |
| 260 |
_aTucson, Arizona _bInternational and Pan American Conventions _cc1977 |
||
| 300 |
_a64 p. _bil. a color _c30 cm. |
||
| 500 | _aAu2317 | ||
| 650 | 1 | 4 |
_aIndígenas de América del Norte _xJoyas _zSuroeste, Nuevo _923539 |
| 650 | 1 | 4 |
_aConfección de joyas _xManuales para aficionados _923540 |
| 650 | 1 | 4 |
_aArtesanía indígena _923541 |
| 700 | 1 |
_aKoonce, Naurice _eil. _923542 |
|
| 902 | _aGRL | ||
| 942 |
_2lcc _cB |
||
| 999 |
_c9133 _d9133 |
||